000 00536 a2200181 4500
999 _c9388
_d9388
020 _a9781846612343
050 0 0 _aKD 1954 MCQ 2015
100 1 _aMcQuater, John
_eauthor
245 1 0 _aApil guide to personal injury claims procedures /
_cJohn McQuater
250 _a2nd ed.
264 1 _aBristol :
_bJordan Publishing,
_c2015
300 _alxxx, 770 p.;
500 _aIncludes index
650 0 _aPersonal injuries
650 0 _aCivil procedure
710 2 _aAssociation of Personal Injury Lawyers.
942 _2lcc
_cBK
_h1954
_iMCQ
_kKD